The Crisis Of Global Capitalism: Open Society Endangered / (Record no. 111029)

MARC details
000 -LEADER
fixed length control field 00677nam a22001817a 4500
003 - CONTROL NUMBER IDENTIFIER
control field BD-ChCU
005 - DATE AND TIME OF LATEST TRANSACTION
control field 20260114112701.0
008 - FIXED-LENGTH DATA ELEMENTS--GENERAL INFORMATION
fixed length control field 260114b bg ||||| |||| 00| 0 eng d
040 ## - CATALOGING SOURCE
Transcribing agency BD-ChCU
082 ## - DEWEY DECIMAL CLASSIFICATION NUMBER
Classification number 330.122 S713c
100 ## - MAIN ENTRY--PERSONAL NAME
Personal name George Soros
9 (RLIN) 19212
245 ## - TITLE STATEMENT
Title The Crisis Of Global Capitalism: Open Society Endangered /
Statement of responsibility, etc. George Soros
250 ## - EDITION STATEMENT
Edition statement 1st ed.
260 ## - PUBLICATION, DISTRIBUTION, ETC.
Place of publication, distribution, etc. New Delhi:
Name of publisher, distributor, etc. Viva Books,
Date of publication, distribution, etc. c2004
300 ## - PHYSICAL DESCRIPTION
Extent 245p.
650 #0 - SUBJECT ADDED ENTRY--TOPICAL TERM
Topical term or geographic name entry element Global Capitalism International Finance Financial Crises Economic Globalization Open Society Political Economy Economic Policy International Economic Relations Capitalism — Criticism
9 (RLIN) 19214
942 ## - ADDED ENTRY ELEMENTS (KOHA)
Source of classification or shelving scheme Dewey Decimal Classification
Koha item type Books
Suppress in OPAC No
Holdings
Withdrawn status Lost status Source of classification or shelving scheme Damaged status Not for loan Home library Current library Shelving location Date acquired Source of acquisition Total Checkouts Full call number Barcode Date last seen Price effective from Koha item type
    Dewey Decimal Classification     Chittagong University Library International Relations Seminar Library Business and Social Science Reading Room 14/01/2026 Purchase   330.122 S713c 266225 14/01/2026 14/01/2026 Books
© Copyright 2026. Chittagong University Library, Installation and Maintenance by Prof. Dr. Md. Alamgir, 01711306253